| 000 | 00518nam a2200205 4500 | ||
|---|---|---|---|
| 003 | OSt | ||
| 005 | 20231002114500.0 | ||
| 008 | 160301b xxu||||| |||| 00| 0 eng d | ||
| 020 | _a0333945719 | ||
| 040 | _c040a | ||
| 082 | _a301 INT 2002 | ||
| 100 |
_aBilton, Tony; [et...al] _916692 |
||
| 245 | _aIntroductory Sociology | ||
| 250 | _a4th.ed | ||
| 260 |
_aHampshire; _bPalgrave macmillan, _c2002 |
||
| 300 |
_axxxii, 596 : _c20 cm |
||
| 504 | _aincludes index | ||
| 650 |
_aSociology _92259 |
||
| 942 |
_2ddc _cSLOAN |
||
| 999 |
_c3127 _d3127 |
||